[Event "European Rapid Championship 2021"]
[Site "Katowice"]
[Date "2021.12.19"]
[Round "8.1"]
[White "Donchenko, Alexander"]
[Black "Piesik, Piotr"]
[Result "1-0"]
[WhiteElo "2535"]
[BlackElo "2342"]
[Annotator "ChessBase"]
[PlyCount "79"]
[EventDate "2021.12.18"]
[EventType "swiss"]
[EventCountry "POL"]
[SourceTitle "playchess.com"]
[Source "ChessBase"]
[SourceQuality "1"]
[TimeControl "900+10"]

1. Nf3 {[%emt 0:00:01]} d5 {[%emt 0:00:05]} 2. g3 {[%emt 0:00:03]} Nf6 {
[%emt 0:00:09]} 3. Bg2 {[%emt 0:00:03]} c6 {[%emt 0:00:14]} 4. c4 {[%emt 0:00:
12]} g6 {[%emt 0:00:27]} 5. b3 {[%emt 0:00:05]} Bg7 {[%emt 0:00:01]} 6. Bb2 {
[%emt 0:00:03]} O-O {[%emt 0:00:02]} 7. O-O {[%emt 0:00:02]} a5 {[%emt 0:00:13]
} 8. Nc3 {[%emt 0:01:51]} Bg4 {[%emt 0:00:39]} 9. Ne5 {[%emt 0:00:18]} Be6 {
[%emt 0:00:01]} 10. d4 {[%emt 0:00:14]} Nbd7 {[%emt 0:00:45]} 11. Nd3 {[%emt 0:
01:01]} Re8 {[%emt 0:03:13]} 12. Nf4 {[%emt 0:00:26]} Nf8 {[%emt 0:00:02]} 13.
cxd5 {[%emt 0:00:17]} Nxd5 {[%emt 0:00:21]} 14. Ncxd5 {[%emt 0:00:25]} Bxd5 {
[%emt 0:00:18]} 15. Nxd5 {[%emt 0:02:59]} cxd5 {[%emt 0:00:01]} 16. Qd3 {
[%emt 0:00:02]} Qd7 {[%emt 0:01:45]} 17. a4 {[%emt 0:00:33]} Rec8 {[%emt 0:00:
33]} 18. Rac1 {[%emt 0:00:34]} Ne6 {[%emt 0:02:01]} 19. e3 {[%emt 0:00:09]} Nd8
{[%emt 0:02:16]} 20. Qb5 {[%emt 0:00:35]} Qxb5 {[%emt 0:00:08]} 21. axb5 {
[%emt 0:00:02]} e6 {[%emt 0:00:02]} 22. e4 {[%emt 0:00:02]} dxe4 {[%emt 0:00:
06]} 23. Bxe4 {[%emt 0:00:02]} Rab8 {[%emt 0:00:37]} 24. Rfd1 {[%emt 0:04:06]}
b6 {[%emt 0:00:22]} 25. Kf1 {[%emt 0:00:07]} Bf8 {[%emt 0:00:59]} 26. Ke2 {
[%emt 0:00:12]} Bd6 {[%emt 0:00:16]} 27. Rc4 {[%emt 0:00:30]} Rxc4 {[%emt 0:00:
41]} 28. bxc4 {[%emt 0:00:01]} Rc8 {[%emt 0:00:01]} 29. c5 {[%emt 0:00:48]} Bc7
{[%emt 0:00:47]} 30. f4 {[%emt 0:00:51]} Rb8 {[%emt 0:00:33]} 31. c6 {[%emt 0:
00:11]} f5 {[%emt 0:00:30]} 32. d5 {[%emt 0:00:01]} fxe4 {[%emt 0:00:46]} 33.
d6 {[%emt 0:00:01]} Bxd6 {[%emt 0:00:01]} 34. Rxd6 {[%emt 0:00:01]} Nf7 {
[%emt 0:00:01]} 35. Rxe6 {[%emt 0:00:10]} a4 {[%emt 0:00:17]} 36. c7 {[%emt 0:
00:33]} Rc8 {[%emt 0:00:01]} 37. Rxb6 {[%emt 0:00:02]} a3 {[%emt 0:00:03]} 38.
Bd4 {[%emt 0:00:52]} h5 {[%emt 0:00:33]} 39. Rb8 {[%emt 0:00:05]} Nd6 {[%emt 0:
00:01]} 40. b6 {[%emt 0:00:03]} 1-0

[Event "European Rapid Championship 2021"]
[Site "Katowice"]
[Date "2021.12.19"]
[Round "8.1"]
[White "Adamczewski, Maciej"]
[Black "Lubczynski, Rafal"]
[Result "1/2-1/2"]
[WhiteElo "2081"]
[BlackElo "2289"]
[Annotator "NA"]
[PlyCount "46"]
[EventDate "2021.12.18"]
[EventType "swiss"]
[EventCountry "POL"]
[SourceTitle "playchess.com"]
[Source "ChessBase"]
[SourceQuality "1"]
[TimeControl "900+10"]

1. d4 {[%emt 0:00:01]} Nf6 {[%emt 0:00:01]} 2. c4 {[%emt 0:00:01]} c6 {[%emt 0:
00:06]} 3. Nc3 {[%emt 0:00:09]} d5 {[%emt 0:00:02]} 4. Nf3 {[%emt 0:00:03]} a6
{[%emt 0:00:01]} 5. cxd5 {[%emt 0:00:09]} cxd5 {[%emt 0:00:01]} 6. Bf4 {
[%emt 0:00:16]} b5 {[%emt 0:00:16]} 7. e3 {[%emt 0:00:11]} Bb7 {[%emt 0:00:02]}
8. Rc1 {[%emt 0:00:15]} Nc6 {[%emt 0:02:24]} 9. Be2 {[%emt 0:02:03]} e6 {
[%emt 0:00:03]} 10. O-O {[%emt 0:00:03]} Be7 {[%emt 0:00:06]} 11. h3 {[%emt 0:
00:04]} O-O {[%emt 0:00:04]} 12. Ne1 {[%emt 0:00:46]} Na5 {[%emt 0:04:31]} 13.
Nd3 {[%emt 0:02:20]} Rc8 {[%emt 0:03:18]} 14. Nc5 {[%emt 0:03:48]} Qb6 {
[%emt 0:00:01]} 15. b4 {[%emt 0:01:40]} Nc4 {[%emt 0:00:03]} 16. Nb1 {[%emt 0:
00:27]} Bc6 {[%emt 0:00:59]} 17. Qe1 {[%emt 0:03:12]} Ra8 {[%emt 0:00:27]} 18.
Nc3 {[%emt 0:01:11]} a5 {[%emt 0:00:12]} 19. a4 {[%emt 0:00:26]} axb4 {[%emt 0:
02:13]} 20. Nxb5 {[%emt 0:00:02]} Bxb5 {[%emt 0:00:06]} 21. Qxb4 {[%emt 0:00:
13]} Bxa4 {[%emt 0:03:29]} 22. Rxc4 {[%emt 0:00:03]} Qb5 {[%emt 0:00:13]} 23.
Qxb5 {[%emt 0:00:47]} Bxb5 {[%emt 0:00:02]} 1/2-1/2

[Event "European Rapid Championship 2021"]
[Site "Katowice"]
[Date "2021.12.19"]
[Round "8.2"]
[White "Brodowski, Piotr"]
[Black "Sumets, Andrey"]
[Result "1/2-1/2"]
[WhiteElo "2414"]
[BlackElo "2508"]
[Annotator "ChessBase"]
[PlyCount "37"]
[EventDate "2021.12.18"]
[EventType "swiss"]
[EventCountry "POL"]
[SourceTitle "playchess.com"]
[Source "ChessBase"]
[SourceQuality "1"]
[TimeControl "900+10"]

1. c4 {[%emt 0:00:04]} e6 {[%emt 0:00:02]} 2. Nf3 {[%emt 0:00:09]} d5 {[%emt 0:
00:02]} 3. e3 {[%emt 0:00:01]} Nf6 {[%emt 0:00:17]} 4. b3 {[%emt 0:00:04]} b6 {
[%emt 0:00:33]} 5. g3 {[%emt 0:01:14]} Bb7 {[%emt 0:00:33]} 6. Bg2 {[%emt 0:00:
03]} Be7 {[%emt 0:00:55]} 7. O-O {[%emt 0:00:30]} O-O {[%emt 0:00:03]} 8. Bb2 {
[%emt 0:00:03]} c5 {[%emt 0:00:17]} 9. Nc3 {[%emt 0:00:54]} Qc8 {[%emt 0:01:35]
} 10. Rc1 {[%emt 0:01:20]} Rd8 {[%emt 0:00:09]} 11. Qc2 {[%emt 0:04:23]} Nc6 {
[%emt 0:00:30]} 12. cxd5 {[%emt 0:00:33]} Nxd5 {[%emt 0:02:19]} 13. Nxd5 {
[%emt 0:00:15]} Rxd5 {[%emt 0:00:01]} 14. d4 {[%emt 0:00:16]} cxd4 {[%emt 0:01:
22]} 15. Nxd4 {[%emt 0:02:53]} Rc5 {[%emt 0:00:10]} 16. Qd2 {[%emt 0:00:33]}
Nxd4 {[%emt 0:00:51]} 17. Bxd4 {[%emt 0:01:12]} Bxg2 {[%emt 0:01:49]} 18. Bxc5
{[%emt 0:00:30]} Qb7 {[%emt 0:00:49]} 19. Bxe7 {[%emt 0:00:20]} 1/2-1/2

[Event "European Rapid Championship 2021"]
[Site "Katowice"]
[Date "2021.12.19"]
[Round "8.2"]
[White "Wisniewski, Adrian"]
[Black "Jazdanovs, Aleksandrs"]
[Result "1-0"]
[WhiteElo "2351"]
[BlackElo "2089"]
[Annotator "NA"]
[PlyCount "59"]
[EventDate "2021.12.18"]
[EventType "swiss"]
[EventCountry "POL"]
[SourceTitle "playchess.com"]
[Source "ChessBase"]
[SourceQuality "1"]
[TimeControl "900+10"]

1. e4 {[%emt 0:00:02]} c5 {[%emt 0:00:01]} 2. Nf3 {[%emt 0:00:02]} d6 {[%emt 0:
00:01]} 3. c3 {[%emt 0:00:01]} Nf6 {[%emt 0:00:25]} 4. Bc4 {[%emt 0:00:02]} e6
{[%emt 0:00:27]} 5. d3 {[%emt 0:00:15]} a6 {[%emt 0:00:30]} 6. Nbd2 {[%emt 0:
00:23]} Be7 {[%emt 0:00:04]} 7. Bb3 {[%emt 0:00:16]} O-O {[%emt 0:00:45]} 8.
O-O {[%emt 0:00:46]} Nc6 {[%emt 0:01:33]} 9. Re1 {[%emt 0:00:17]} b5 {[%emt 0:
00:04]} 10. Qe2 {[%emt 0:00:25]} Bb7 {[%emt 0:01:08]} 11. Nf1 {[%emt 0:00:40]}
Ne5 {[%emt 0:00:24]} 12. Bc2 {[%emt 0:00:44]} Qc7 {[%emt 0:01:07]} 13. Ng3 {
[%emt 0:02:02]} Rfe8 {[%emt 0:00:51]} 14. h3 {[%emt 0:01:36]} Rac8 {[%emt 0:03:
52]} 15. Nh2 {[%emt 0:00:18]} Ng6 {[%emt 0:00:16]} 16. f4 {[%emt 0:00:49]} e5 {
[%emt 0:02:35]} 17. f5 {[%emt 0:01:54]} Nf4 {[%emt 0:00:02]} 18. Bxf4 {[%emt 0:
00:23]} exf4 {[%emt 0:00:01]} 19. Nh5 {[%emt 0:00:08]} b4 {[%emt 0:01:34]} 20.
Nxf4 {[%emt 0:01:46]} d5 {[%emt 0:00:01]} 21. e5 {[%emt 0:00:34]} Bd6 {[%emt 0:
00:01]} 22. Nf3 {[%emt 0:02:03]} Bxe5 {[%emt 0:00:59]} 23. Nxe5 {[%emt 0:00:05]
} Nd7 {[%emt 0:00:01]} 24. d4 {[%emt 0:01:03]} cxd4 {[%emt 0:00:01]} 25. cxd4
Nxe5 {[%emt 0:00:07]} 26. Ba4 {[%emt 0:00:15]} Nd7 {[%emt 0:00:22]} 27. Qxe8+
Rxe8 {[%emt 0:00:01]} 28. Rxe8+ {[%emt 0:00:57]} Nf8 {[%emt 0:00:01]} 29. Rae1
{[%emt 0:00:30]} g5 {[%emt 0:00:09]} 30. Nh5 1-0

[Event "European Rapid Championship 2021"]
[Site "Katowice"]
[Date "2021.12.19"]
[Round "8.3"]
[White "Keinanen, Toivo"]
[Black "Mirzoev, Emil"]
[Result "1/2-1/2"]
[WhiteElo "2341"]
[BlackElo "2418"]
[Annotator "NA"]
[PlyCount "54"]
[EventDate "2021.12.18"]
[EventType "swiss"]
[EventCountry "POL"]
[SourceTitle "playchess.com"]
[Source "ChessBase"]
[SourceQuality "1"]
[TimeControl "900+10"]

1. d4 {[%emt 0:00:01]} Nf6 {[%emt 0:00:06]} 2. Nf3 {[%emt 0:00:01]} e6 {
[%emt 0:00:07]} 3. e3 {[%emt 0:00:20]} b6 {[%emt 0:00:25]} 4. Bd3 {[%emt 0:00:
04]} Bb7 {[%emt 0:00:01]} 5. O-O {[%emt 0:00:06]} d6 {[%emt 0:00:57]} 6. c4 {
[%emt 0:01:37]} Nbd7 {[%emt 0:01:01]} 7. Nc3 {[%emt 0:00:10]} g6 {[%emt 0:00:
30]} 8. e4 {[%emt 0:03:21]} Bg7 {[%emt 0:00:01]} 9. Be3 {[%emt 0:01:14]} O-O {
[%emt 0:00:06]} 10. Qd2 {[%emt 0:00:05]} e5 {[%emt 0:01:22]} 11. d5 {[%emt 0:
00:41]} Ng4 {[%emt 0:00:47]} 12. Bg5 {[%emt 0:00:01]} f6 {[%emt 0:01:32]} 13.
Bh4 {[%emt 0:00:01]} a5 {[%emt 0:00:46]} 14. b3 {[%emt 0:01:14]} h5 {[%emt 0:
01:24]} 15. h3 {[%emt 0:02:20]} Nh6 {[%emt 0:00:01]} 16. Ne2 {[%emt 0:00:35]}
Bc8 {[%emt 0:00:55]} 17. Bg3 {[%emt 0:00:57]} Qe8 {[%emt 0:01:51]} 18. Nh4 {
[%emt 0:00:39]} g5 {[%emt 0:00:58]} 19. Nf5 {[%emt 0:00:18]} Nc5 {[%emt 0:01:
02]} 20. Nxg7 {[%emt 0:01:30]} Kxg7 {[%emt 0:00:06]} 21. f3 {[%emt 0:01:06]}
Nxd3 {[%emt 0:00:38]} 22. Qxd3 {[%emt 0:00:00]} f5 23. h4 {[%emt 0:00:46]} f4 {
[%emt 0:01:02]} 24. hxg5 {[%emt 0:00:05]} Nf7 {[%emt 0:00:10]} 25. Bh4 {
[%emt 0:00:16]} Nh8 {[%emt 0:00:37]} 26. Kf2 {[%emt 0:00:21]} Ng6 {[%emt 0:00:
18]} 27. Rh1 a4 1/2-1/2

[Event "European Rapid Championship 2021"]
[Site "Katowice"]
[Date "2021.12.19"]
[Round "8.3"]
[White "Paprocki, Jaroslaw"]
[Black "Fus, Jakub"]
[Result "0-1"]
[WhiteElo "2165"]
[BlackElo "2252"]
[Annotator "NA"]
[PlyCount "162"]
[EventDate "2021.12.18"]
[EventType "swiss"]
[EventCountry "POL"]
[SourceTitle "playchess.com"]
[Source "ChessBase"]
[SourceQuality "1"]
[TimeControl "900+10"]

1. d4 {[%emt 0:00:03]} Nf6 {[%emt 0:00:04]} 2. Nf3 {[%emt 0:00:05]} e6 {
[%emt 0:00:03]} 3. c4 {[%emt 0:00:03]} Bb4+ {[%emt 0:00:02]} 4. Bd2 {[%emt 0:
00:25]} Qe7 {[%emt 0:00:02]} 5. a3 {[%emt 0:00:07]} Bxd2+ {[%emt 0:00:02]} 6.
Qxd2 {[%emt 0:00:01]} d6 {[%emt 0:00:02]} 7. b4 {[%emt 0:00:39]} a5 {[%emt 0:
00:10]} 8. b5 {[%emt 0:00:01]} e5 {[%emt 0:00:02]} 9. e3 {[%emt 0:00:20]} exd4
{[%emt 0:00:02]} 10. Qxd4 {[%emt 0:00:07]} Nbd7 {[%emt 0:00:04]} 11. Be2 {
[%emt 0:00:39]} Nc5 {[%emt 0:00:02]} 12. Nbd2 {[%emt 0:00:04]} O-O {[%emt 0:00:
04]} 13. O-O {[%emt 0:00:02]} Bg4 {[%emt 0:00:19]} 14. Rfe1 {[%emt 0:00:09]}
Rfe8 {[%emt 0:00:22]} 15. Rad1 {[%emt 0:00:16]} Rad8 {[%emt 0:01:46]} 16. Qc3 {
[%emt 0:01:28]} a4 {[%emt 0:00:02]} 17. Nd4 {[%emt 0:00:24]} Bc8 {[%emt 0:01:
12]} 18. Bf3 {[%emt 0:00:06]} Nfd7 {[%emt 0:00:10]} 19. Bg4 {[%emt 0:01:07]}
Ne5 {[%emt 0:00:58]} 20. Bxc8 {[%emt 0:00:04]} Rxc8 {[%emt 0:00:02]} 21. Nf1 {
[%emt 0:00:41]} g6 {[%emt 0:00:20]} 22. e4 {[%emt 0:00:40]} Ned7 {[%emt 0:01:
08]} 23. f3 {[%emt 0:00:07]} Nb6 {[%emt 0:00:16]} 24. Ne3 {[%emt 0:00:09]} Qf6
{[%emt 0:00:02]} 25. Ne2 {[%emt 0:01:15]} Qxc3 {[%emt 0:00:18]} 26. Nxc3 {
[%emt 0:00:01]} Kg7 {[%emt 0:00:14]} 27. Ncd5 {[%emt 0:00:05]} Nbd7 {[%emt 0:
00:45]} 28. Re2 {[%emt 0:00:18]} Ne5 {[%emt 0:00:05]} 29. Red2 {[%emt 0:00:54]}
Nb3 {[%emt 0:00:41]} 30. Rc2 {[%emt 0:00:21]} Red8 {[%emt 0:01:19]} 31. h3 {
[%emt 0:00:12]} h5 {[%emt 0:00:48]} 32. Kf2 {[%emt 0:00:27]} Nd7 {[%emt 0:00:
10]} 33. Nc3 {[%emt 0:00:44]} Nb6 {[%emt 0:00:18]} 34. Ncd5 {[%emt 0:00:20]}
Nd7 {[%emt 0:00:11]} 35. g4 {[%emt 0:00:23]} hxg4 {[%emt 0:00:28]} 36. hxg4 {
[%emt 0:00:00]} Nbc5 {[%emt 0:00:00]} 37. g5 {[%emt 0:00:15]} Ne6 {[%emt 0:00:
51]} 38. f4 {[%emt 0:00:58]} c6 {[%emt 0:01:40]} 39. bxc6 {[%emt 0:00:23]} bxc6
{[%emt 0:00:01]} 40. Ne7 {[%emt 0:00:19]} Rc7 {[%emt 0:00:07]} 41. Rxd6 {
[%emt 0:01:44]} Ndc5 {[%emt 0:00:02]} 42. Rxd8 {[%emt 0:01:07]} Nxd8 {[%emt 0:
00:01]} 43. N7f5+ {[%emt 0:00:55]} gxf5 {[%emt 0:00:02]} 44. exf5 {[%emt 0:00:
01]} Rb7 {[%emt 0:00:17]} 45. Ng4 {[%emt 0:00:12]} Rb3 {[%emt 0:00:44]} 46. Nf6
{[%emt 0:01:01]} Ndb7 {[%emt 0:00:03]} 47. Nh5+ {[%emt 0:00:53]} Kf8 {[%emt 0:
00:26]} 48. Re2 {[%emt 0:00:10]} Rh3 {[%emt 0:00:38]} 49. Nf6 {[%emt 0:01:32]}
Rh2+ {[%emt 0:00:01]} 50. Kf3 {[%emt 0:00:02]} Rxe2 {[%emt 0:00:02]} 51. Kxe2 {
[%emt 0:00:01]} Nd6 {[%emt 0:00:01]} 52. g6 {[%emt 0:00:44]} Nxf5 {[%emt 0:00:
14]} 53. gxf7 {[%emt 0:00:18]} Kxf7 {[%emt 0:00:02]} 54. Ng4 {[%emt 0:00:02]}
Ke6 {[%emt 0:00:13]} 55. Kd2 {[%emt 0:00:10]} Ne4+ {[%emt 0:01:14]} 56. Kd3 {
[%emt 0:00:12]} Nf6 {[%emt 0:00:10]} 57. Ne5 {[%emt 0:00:08]} c5 {[%emt 0:00:
23]} 58. Nf3 {[%emt 0:00:27]} Nd6 {[%emt 0:00:10]} 59. Nh4 {[%emt 0:00:20]} Nd7
{[%emt 0:00:04]} 60. Kc3 {[%emt 0:00:17]} Nb6 {[%emt 0:00:03]} 61. Ng6 {
[%emt 0:00:10]} Ndxc4 {[%emt 0:00:08]} 62. Nf8+ {[%emt 0:00:08]} Kd5 {[%emt 0:
00:23]} 63. f5 {[%emt 0:00:04]} Nxa3 {[%emt 0:00:02]} 64. f6 {[%emt 0:00:02]}
Nb5+ {[%emt 0:00:01]} 65. Kb2 {[%emt 0:00:04]} Nd6 {[%emt 0:00:02]} 66. Ka3 {
[%emt 0:00:06]} Ke5 {[%emt 0:00:12]} 67. Nh7 {[%emt 0:00:17]} Nb5+ {[%emt 0:00:
06]} 68. Ka2 {[%emt 0:00:03]} Ke6 {[%emt 0:00:02]} 69. Ng5+ {[%emt 0:00:06]}
Kd6 {[%emt 0:00:28]} 70. Ne4+ {[%emt 0:00:03]} Kc6 {[%emt 0:00:17]} 71. Ng5 {
[%emt 0:00:16]} Nd7 {[%emt 0:00:03]} 72. Nh7 {[%emt 0:00:03]} Nd6 {[%emt 0:00:
04]} 73. Ka3 {[%emt 0:00:01]} Kb5 {[%emt 0:00:01]} 74. Kb2 {[%emt 0:00:12]} Kb4
{[%emt 0:00:02]} 75. Kc2 {[%emt 0:00:14]} Nf7 {[%emt 0:00:01]} 76. Kd3 {
[%emt 0:00:14]} a3 {[%emt 0:00:03]} 77. Kc2 {[%emt 0:00:12]} c4 {[%emt 0:00:01]
} 78. Kc1 {[%emt 0:00:24]} Kc3 {[%emt 0:00:03]} 79. Kb1 {[%emt 0:00:03]} Kd2 {
[%emt 0:00:13]} 80. Ka2 {[%emt 0:00:18]} c3 {[%emt 0:00:01]} 81. Kxa3 {[%emt 0:
00:29]} c2 {[%emt 0:00:02]} 0-1

[Event "European Rapid Championship 2021"]
[Site "Katowice"]
[Date "2021.12.19"]
[Round "8.4"]
[White "Janik, Igor"]
[Black "Motylev, Alexander"]
[Result "0-1"]
[WhiteElo "2462"]
[BlackElo "2703"]
[Annotator "TA"]
[PlyCount "64"]
[EventDate "2021.12.18"]
[EventType "swiss"]
[EventCountry "POL"]
[SourceTitle "playchess.com"]
[Source "ChessBase"]
[SourceQuality "1"]

{[%evp 18,64,40,27,41,0,0,0,42,31,32,28,26,0,0,0,0,-8,0,-27,-33,-33,-20,-44,0,
0,0,-6,-6,-14,-11,-14,0,-52,0,0,0,-54,-35,-33,-39,-427,-406,-29988,-324,-29995,
-29992,-29996,-29997]} 1. e4 c6 2. d4 d5 3. Nd2 dxe4 4. Nxe4 Nf6 5. Nxf6+ exf6
6. c3 Bd6 7. Bd3 O-O 8. Ne2 Re8 9. Qc2 h6 10. O-O Qc7 {B15: Caro-Kann: 3 Nc3:
3...g6 and 3...dxe4 4 Nxe4 Nf6 5 Nxf6+ exf6.} 11. g3 (11. Ng3 $14) 11... Bh3
$11 12. Re1 {[#]} Qd7 $146 (12... c5 $11 13. Bd2 Nc6) ({Predecessor:} 12... Nd7
13. Bf4 Nf8 14. Bxd6 Qxd6 15. Nf4 Bg4 16. Bf5 Bxf5 17. Qxf5 g6 18. Qd3 Kg7 {
1-0 (37) Zajic,M (2497)-Ristic,N (2361) Kragujevac 2018}) 13. Bf4 $14 Bf8 14.
f3 c5 15. Rad1 {[%cal Od4d5]} cxd4 16. Nxd4 {aiming for Bh7+.} Nc6 17. Rxe8
Rxe8 18. Bf5 Bxf5 19. Qxf5 Qd8 20. Qb5 {[%csl LRb7,LRc6]} Re7 (20... g5 $15 {
is more appropriate.} 21. Bc1 (21. Qxb7 $2 Nxd4 22. Rxd4 Bc5 $19) 21... Qc8)
21. Rd2 Qe8 {And now ...g5 would win.} 22. Nxc6 bxc6 23. Qb8 Re1+ 24. Kf2 $1
Qe7 {White must now prevent ...g5.} 25. Kg2 (25. Qd6 $11 Qe8 26. Qd4) 25...
Re2+ 26. Kf1 $1 Re1+ 27. Kg2 {[#]} Rd1 $1 $40 {[%mdl 128] Black attacks.} 28.
Rxd1 Qe2+ 29. Kh3 $2 {[%mdl 8192] Now White is beyond hope.} (29. Kg1 $1 $15
Qxd1+ 30. Kf2) 29... Qxd1 $19 30. Qxa7 (30. Kg4 {gets mated.} Qd7+ 31. Kh4 g5+
32. Bxg5 fxg5+ 33. Kh5 Qh3#) (30. Kg2 $19 Qe2+ 31. Kg1) 30... g5 $2 (30... Qf1+
{mates} 31. Kh4 Qg2 32. Qd7 Qxh2+ 33. Qh3 g5+ 34. Bxg5 fxg5+ 35. Kg4 f5+ 36.
Kxf5 Qxh3+ 37. Ke4 Qxg3 38. b4 Qf4+ 39. Kd3 Qxf3+ 40. Kc2 Qe2+ 41. Kb3 Qd1+ 42.
Kb2 Bg7 43. b5 Qd2+ 44. Kb3 Qxc3+ 45. Ka4 Bf8 46. bxc6 Qb4#) 31. Bb8 $2 {[#]} (
31. Qf2 $19 gxf4 32. Kg2) 31... Qf1+ 32. Kg4 h5+ {Weighted Error Value:
White=0.95/Black=0.35} 0-1

[Event "European Rapid Championship 2021"]
[Site "Katowice"]
[Date "2021.12.19"]
[Round "8.4"]
[White "Grabarczyk, Miroslaw"]
[Black "Kozlowski, Michal"]
[Result "1-0"]
[WhiteElo "2373"]
[BlackElo "2047"]
[Annotator "NA"]
[PlyCount "55"]
[EventDate "2021.12.18"]
[EventType "swiss"]
[EventCountry "POL"]
[SourceTitle "playchess.com"]
[Source "ChessBase"]
[SourceQuality "1"]
[TimeControl "900+10"]

1. d4 {[%emt 0:00:02]} Nf6 {[%emt 0:00:01]} 2. c4 {[%emt 0:00:02]} e6 {[%emt 0:
00:02]} 3. g3 {[%emt 0:00:02]} d5 {[%emt 0:00:02]} 4. Bg2 {[%emt 0:00:02]} Be7
{[%emt 0:00:01]} 5. Nf3 {[%emt 0:00:02]} O-O {[%emt 0:00:02]} 6. O-O {[%emt 0:
00:03]} b6 {[%emt 0:00:02]} 7. cxd5 {[%emt 0:00:03]} exd5 {[%emt 0:00:02]} 8.
Nc3 {[%emt 0:00:02]} Nbd7 {[%emt 0:00:12]} 9. Bf4 {[%emt 0:00:03]} a6 {[%emt 0:
00:08]} 10. Ne5 {[%emt 0:00:32]} Bb7 {[%emt 0:00:04]} 11. Qb3 {[%emt 0:00:03]}
Nxe5 {[%emt 0:03:26]} 12. dxe5 {[%emt 0:00:21]} Ne4 {[%emt 0:00:01]} 13. Nxe4 {
[%emt 0:00:56]} dxe4 {[%emt 0:00:02]} 14. Rfd1 {[%emt 0:00:07]} Qc8 {[%emt 0:
00:03]} 15. Qc2 {[%emt 0:00:02]} c5 {[%emt 0:01:56]} 16. Bxe4 {[%emt 0:00:09]}
Bxe4 {[%emt 0:00:03]} 17. Qxe4 {[%emt 0:00:03]} Qe6 {[%emt 0:00:02]} 18. Rd5 {
[%emt 0:00:54]} g5 {[%emt 0:01:43]} 19. Be3 {[%emt 0:02:12]} f5 {[%emt 0:00:03]
} 20. Qg2 {[%emt 0:00:03]} Kh8 {[%emt 0:01:08]} 21. Rad1 {[%emt 0:00:14]} h5 {
[%emt 0:02:51]} 22. Rd7 {[%emt 0:00:56]} Qxe5 {[%emt 0:00:51]} 23. Bd2 {
[%emt 0:00:03]} Kg8 {[%emt 0:01:37]} 24. Bc3 {[%emt 0:00:09]} Qe6 {[%emt 0:01:
00]} 25. R1d6 {[%emt 0:02:43]} Bxd6 {[%emt 0:01:40]} 26. Rg7+ {[%emt 0:00:03]}
Kh8 {[%emt 0:00:01]} 27. Re7+ {[%emt 0:00:33]} Qf6 {[%emt 0:00:06]} 28. Bxf6+ {
[%emt 0:00:02]} 1-0

[Event "European Rapid Championship 2021"]
[Site "Katowice"]
[Date "2021.12.19"]
[Round "8.5"]
[White "Krasenkow, Michal"]
[Black "Kovalenko, Igor"]
[Result "1-0"]
[WhiteElo "2576"]
[BlackElo "2649"]
[Annotator "ChessBase"]
[PlyCount "103"]
[EventDate "2021.12.18"]
[EventType "swiss"]
[EventCountry "POL"]
[SourceTitle "playchess.com"]
[Source "ChessBase"]
[SourceQuality "1"]
[TimeControl "900+10"]

1. Nf3 {[%emt 0:00:03]} c5 {[%emt 0:00:02]} 2. c4 {[%emt 0:00:01]} Nc6 {
[%emt 0:00:04]} 3. d4 {[%emt 0:00:01]} cxd4 {[%emt 0:00:03]} 4. Nxd4 {[%emt 0:
00:02]} Nf6 {[%emt 0:00:09]} 5. Nc3 {[%emt 0:00:01]} g6 {[%emt 0:00:18]} 6. e4
{[%emt 0:00:03]} Bg7 {[%emt 0:00:01]} 7. Be3 {[%emt 0:00:01]} d6 {[%emt 0:00:
01]} 8. Be2 {[%emt 0:00:01]} O-O {[%emt 0:00:02]} 9. O-O {[%emt 0:00:02]} Bd7 {
[%emt 0:00:09]} 10. f4 {[%emt 0:00:01]} Rc8 {[%emt 0:01:06]} 11. Nc2 {[%emt 0:
00:35]} a6 {[%emt 0:00:11]} 12. Bf3 {[%emt 0:00:58]} Be6 {[%emt 0:00:34]} 13.
Nd5 {[%emt 0:00:11]} Nd7 {[%emt 0:00:03]} 14. Rb1 {[%emt 0:00:13]} Qa5 {
[%emt 0:03:18]} 15. a3 {[%emt 0:00:34]} b5 {[%emt 0:00:25]} 16. b4 {[%emt 0:01:
14]} Qa4 {[%emt 0:00:03]} 17. Qd2 {[%emt 0:00:56]} Bxd5 {[%emt 0:02:33]} 18.
exd5 {[%emt 0:03:08]} Ncb8 {[%emt 0:00:01]} 19. Nd4 {[%emt 0:04:27]} bxc4 {
[%emt 0:00:35]} 20. Qa2 {[%emt 0:01:25]} Nf6 {[%emt 0:00:28]} 21. Rfc1 {
[%emt 0:00:07]} c3 {[%emt 0:00:38]} 22. Rb3 {[%emt 0:00:52]} a5 {[%emt 0:00:23]
} 23. Qb1 {[%emt 0:00:29]} axb4 {[%emt 0:00:33]} 24. axb4 {[%emt 0:00:03]} Rc7
{[%emt 0:05:50]} 25. Rbxc3 {[%emt 0:00:09]} Rb7 {[%emt 0:00:06]} 26. Rc4 {
[%emt 0:00:09]} Nbd7 {[%emt 0:00:29]} 27. b5 {[%emt 0:00:28]} Qa3 {[%emt 0:00:
03]} 28. R1c3 {[%emt 0:00:10]} Qa8 {[%emt 0:00:01]} 29. Nc6 {[%emt 0:00:05]}
Nb6 {[%emt 0:00:21]} 30. Bxb6 {[%emt 0:00:13]} Rxb6 {[%emt 0:00:01]} 31. Nxe7+
{[%emt 0:00:03]} Kh8 {[%emt 0:00:01]} 32. Nc8 {[%emt 0:00:31]} Rb8 {[%emt 0:00:
37]} 33. Nxd6 {[%emt 0:00:04]} Nxd5 {[%emt 0:00:10]} 34. Rd3 {[%emt 0:00:45]}
Qa7+ {[%emt 0:00:02]} 35. Kh1 {[%emt 0:00:01]} Nb6 {[%emt 0:00:28]} 36. Rc6 {
[%emt 0:00:02]} Qa4 {[%emt 0:00:22]} 37. g3 {[%emt 0:00:05]} Kg8 {[%emt 0:00:
13]} 38. Qg1 {[%emt 0:00:13]} Qa5 {[%emt 0:00:21]} 39. Qe3 {[%emt 0:00:42]} Nd7
{[%emt 0:00:30]} 40. Bd5 {[%emt 0:00:22]} Nf6 41. Bc4 {[%emt 0:00:16]} Qa1+ {
[%emt 0:00:17]} 42. Kg2 {[%emt 0:00:01]} Ng4 {[%emt 0:00:06]} 43. Qe2 Nh6 44.
b6 {[%emt 0:00:17]} Qa4 {[%emt 0:00:02]} 45. Bd5 {[%emt 0:00:16]} Rfd8 {
[%emt 0:00:17]} 46. b7 {[%emt 0:00:41]} Bf8 47. Nxf7 {[%emt 0:00:22]} Rxd5 {
[%emt 0:00:08]} 48. Nxh6+ {[%emt 0:00:06]} Kg7 {[%emt 0:00:04]} 49. Rc7+ {
[%emt 0:00:06]} Kxh6 {[%emt 0:00:00]} 50. Rxd5 {[%emt 0:00:04]} Qb3 {[%emt 0:
00:03]} 51. Rh5+ {[%emt 0:00:09]} gxh5 {[%emt 0:00:02]} 52. Qa6+ {[%emt 0:00:
00]} 1-0